000 00554nam a2200205Ia 4500
005 20221103140113.0
008 131103s9999 xx 000 0 und d
020 _a553274848
040 _aLoreto College
041 _aEnglish
082 _a133.9
_bMOO
100 _aMoody, Raymond A.
245 _aLife after life
_b the investigation of a phenomenon survival of bodily death
_cRaymond A. Moody
260 _aNew York
_bBantam Books
_c1976
300 _axii,184p
650 _aSpiritualism
651 _aDeath
850 _aLCLIB
942 _cBK
999 _c18507
_d68986